| 000 | 00307nam a2200133 i 4500 | ||
|---|---|---|---|
| 001 | bg | ||
| 100 | 1 | _aREMY, Maurice | |
| 245 | 0 |
_aDictinnaire du francais moderne / _cMaurice Remy. |
|
| 260 |
_aParis, _c1980. |
||
| 040 | _cBPK | ||
| 041 | _apol | ||
| 942 | _cKS | ||
| 008 | s pl f |000 0 pol | ||
| 999 |
_c21571 _d21571 |
||
| 856 |
_uhttp://koha.tu.koszalin.pl/cgi-bin/koha/opac-detail.pl?biblionumber=21571 _yKatalog online BPK |
||